000 00695nam a22002177a 4500
003 0
005 20250318160842.0
008 250318b xxu||||| |||| 00| 0 eng d
020 _a978-1-266-96271-4
050 _aHG 4026
_b.R823 2024
100 _aRoss, Stephen A.
245 _aFundamentals of corporate finance
_cStephen A. Ross
260 _aNew York
_bMcGraw Hill LLC
_c2024
300 _aix, 919 pages :
_bcolored illustrations ;
_c26cm.
504 _aIncludes bibliographical references and index.
650 _aCorporate finance.
650 _aCorporate Finance, Fundamentals of.
700 _aWesterfield, Randolph W.
700 _aJordan, Bradford D.
942 _2lcc
_cBK
999 _c367308
_d367308